=LDR 00000nam 2200000 4500 =001 INLIS000000000049950 =990 ##$$a 010/46/2017 =005 20170412155513.0 =990 ##$$a 21604415 =006 =990 ##$$a 010/46/2017 =007 =990 ##$$a 010/46/2017 =008 =990 ##$$a 010/46/2017 =020 ##$$a 978 - 602 - 9005 - 127 =035 ##$$0010-041700000000140 =040 ##$$a NBPDMAT =082 ##$$a 398.359 865 1 =090 ##$$a 338.359 865 1 Kun k =245 ##$$a Kumpulan Cerita Rakyat Sasak / Tim YSB Pulayakendase =260 ##$$a Mataram : $b Mataram, $c 2010 =300 ##$$a iv, 68 hlm. ; $c 21 cm. =700 ##$$a Tim YSB Pulayakendase =850 ##$$a NBPDMAT =990 ##$$a 010/46/2017 =990 ##$$a 21604415 =990 ##$$a 21604417 =990 ##$$a 21604418 =990 ##$$a 21604419 =990 ##$$a 010/46/2017 =990 ##$$a 21604415 =990 ##$$a 010/46/2017 =990 ##$$a 21604418 =990 ##$$a 21604419 =990 ##$$a 010/46/2017 =990 ##$$a 21604415 =990 ##$$a 010/46/2017 =990 ##$$a 010/46/2017 =990 ##$$a 21604419 =990 ##$$a 010/46/2017 =990 ##$$a 21604415 =990 ##$$a 010/46/2017 =990 ##$$a 010/46/2017 =990 ##$$a 21604419 =990 ##$$a 010/46/2017 =990 ##$$a 21604415 =990 ##$$a 010/46/2017 =990 ##$$a 010/46/2017 =990 ##$$a 21604419 =990 ##$$a 010/46/2017 =990 ##$$a 21604415 =990 ##$$a 010/46/2017 =990 ##$$a 010/46/2017 =990 ##$$a 010/46/2017 =990 ##$$a 010/46/2017 =990 ##$$a 010/46/2017 =990 ##$$a 010/46/2017 =990 ##$$a 010/46/2017 =990 ##$$a 010/46/2017